Querer, poder, deber, en la antigüedad.

Uloženo v:
Podrobná bibliografie
Hlavní autor: Grammatico Amari, Giuseppina (editora)
Další autoři: Arbea, Antonio (Editor), Ponce de León, Ximena (Editor)
Médium: Kniha
Jazyk:španělština
Vydáno: Santiago, Chile: Centro de Estudios Clásicos. Universidad Metropolitana de Ciencias de la Educación, 2001.
Edice:Iter Encuentros.
Témata:
Tagy: Přidat tag
Žádné tagy, Buďte první, kdo vytvoří štítek k tomuto záznamu!

MARC

LEADER 00000nam a2200000 a 4500
001 UCM8830
003 CL-VaPUC
005 20240401163048.0
008 030328e20010000CL |||||||||||||||||spa|d
999 |c 303251  |d 303249 
020 |a 956-7062-01-2 
040 |c Pontificia Universidad Católica de Valparaíso 
082 0 4 |a 180 GRA 2010  |2 21 
100 |a Grammatico Amari, Giuseppina  |e editora  |9 888101 
245 1 0 |a Querer, poder, deber, en la antigüedad. 
260 |a Santiago, Chile:  |b Centro de Estudios Clásicos.   |b Universidad Metropolitana de Ciencias de la Educación,  |c 2001. 
300 |a 257 páginas. 
490 0 |a Iter Encuentros. 
500 |a c.3 Donación Familia Prof. Alejandro Guzmán Brito.  
583 |a last modification  |c 20030328 00:00:00  |k Rodrigo Vera 
650 0 |a Filosofía antigua   |9 255705 
650 0 |a Filosofía griega  |9 265579 
650 0 |a Filosofía romana   |9 344946 
650 0 |a Antropología cultural y social   |9 265143 
700 0 |a Arbea, Antonio  |e editor  |9 475059 
700 0 |a Ponce de León, Ximena  |e editor  |9 475060 
942 |c BK  |2 ddc  |n 0 
945 |d 20030328 00:00:00  |a cmena 
952 |0 0  |1 0  |4 0  |6 180_000000000000000_GRA_2001  |7 0  |8 A  |9 364434  |a BIBHIS  |b BIBHIS  |d 2019-11-21  |i 3887898  |o 180 GRA 2001  |p 3887898  |r 2025-01-20  |w 2019-11-21  |y BK  |k HIS 
952 |0 0  |1 0  |4 0  |6 180_000000000000000_GRA_2001  |7 0  |8 A  |9 364435  |a BIBEDU  |b BIBEDU  |d 2019-11-21  |i 4140680  |o 180 GRA 2001  |p 4140680  |r 2019-11-21  |w 2019-11-21  |y BK  |k FIL 
952 |0 0  |1 0  |2 ddc  |4 0  |6 180_000000000000000_GRA_2010  |7 1  |8 C_AGB  |9 580509  |a BIBDER  |b BIBDER  |d 2022-01-13  |e Donación   |i 5638089   |o 180 GRA 2010  |p 5638089  |r 2023-01-25  |t 3  |w 2022-01-13  |y BK_US  |k AGB